000 00621nam a22002297a 4500
999 _c380734
_d380734
001 94488
003 UA-OsUOA
005 20200302160526.0
007 ta
008 20130212b un ||||| |||| 00| 0 ukr d
040 _aUA-OsUOA
_brus
_cUA-OsUOA
_dUA-OsUOA
041 _arus
080 _a821.161.1
090 _a821.161.1
_bД17
100 _aДангулов С.
245 _aКузнецкий мост
_bроман
_nкн. 1
260 _aМ.
_bСов. писатель
_c1980
300 _a398 с.
650 7 _a82 Література. Літературознавство
_2UDC
942 _cBK
_2udc
955 _a3